| 000 | 00823cam a22002531 4500 | ||
|---|---|---|---|
| 001 | sa 67006926 | ||
| 003 | DLC | ||
| 005 | 20260227112411.0 | ||
| 008 | 841020s1965 ii a b 000 0 eng | ||
| 010 | _asa 67006926 | ||
| 025 | _aPL480:I-E-6437 | ||
| 035 | _a(OCoLC)11288194 | ||
| 040 |
_aDLC _cWU _dDLC |
||
| 042 | _apremarc | ||
| 050 | 0 | 0 |
_aBD450 _b.S54 |
| 100 | 1 | _aSivashankar, N. | |
| 245 | 1 | 0 |
_aMan rediscovered; _ba new approach to the nature of man; an attempt at a synthesis of ancient philosophies of religions and modern philosophies of science _c[by] N. Sivashankar. |
| 250 | _a[1st ed.] | ||
| 260 |
_aTrivandrum, _bB. Sarada Amma _c[1965] |
||
| 300 |
_axxii, 258 p. _billus. _c23 cm. |
||
| 504 | _aBibliography: p. [251]-258. | ||
| 650 | 0 | _aPhilosophical anthropology. | |
| 650 | 0 |
_aHistory _xPhilosophy. |
|
| 999 |
_c76241 _d76241 |
||